Villes les plus peuplées d'Europe en 1700 - Statistiques

Statistiques générales
  • Ce quiz a été pris 19 578 fois
  • Le résultat moyen est 11 sur 17
Statistiques - réponses
Population Ville % Correct
500 000 Paris
100%
550 000 Londres
97%
130 000 Rome
94%
100 000 Madrid
93%
100 000 Marseille
86%
150 000 Moscou
86%
100 000 Lyon
79%
120 000 Milan
74%
188 000 Lisbonne
73%
100 000 Vienne
71%
180 000 Amsterdam
69%
700 000 Constantinople
63%
215 000 Naples
62%
138 000 Venise
49%
100 000 Belgrade
22%
100 000 Sarajevo
14%
100 000 Gdańsk
7%
Aucun quiz correspondant
Distribution des résultats
% des personnes avec chaque résultat
Percentile par nombre de réponses
Votre historique - résultats
Vous n’avez pas pris ce quiz